Albums by Cover Art - Music Nerd Edition - Statistics

General Stats
  • This quiz has been taken 964 times
    306 since last reset
  • The average score is 11 of 20
Answer Stats
Picture Answer % Correct
King Crimson - In the Court of the Crimson King
85%
Neutral Milk Hotel - In the Aeroplane Over the Sea
79%
Aphex Twin - Selected Ambient Works 85-92
74%
my bloody valentine - Loveless
73%
Car Seat Headrest - Twin Fantasy
71%
Death Grips - The Money Store
65%
Black Country, New Road - Ants From Up There
59%
JPEGMAFIA & Danny Brown - Scaring the Hoes
55%
American Football - American Football
53%
Wilco - Yankee Hotel Foxtrot
53%
Have a Nice Life - Deathconsciousness
52%
Swans - Soundtracks for the Blind
50%
Slint - Spiderland
46%
The Microphones - The Glow, Pt. 2
42%
Godspeed You! Black Emperor - F♯A♯∞
41%
Captain Beefheart & His Magic Band - Trout Mask Replica
38%
black midi - Schlagenheim
37%
Daughters - You Won't Get What You Want
36%
Animal Collective - Merriweather Post Pavilion
35%
Sweet Trip - Velocity : Design : Comfort
30%
No matching quizzes found
Score Distribution
Percent of People with Each Score
Percentile by Number Answered
Your Score History
You have not taken this quiz since the last reset